| 000 | 01207nam a22003257a 4500 | ||
|---|---|---|---|
| 003 | CHAP | ||
| 005 | 20220329143151.0 | ||
| 008 | 060925d2006 mx r 00110 spa d | ||
| 010 | _a92785 | ||
| 011 | _a93757 | ||
| 035 | _a104337 | ||
| 040 | _cCHAP | ||
| 090 | _aTesis | ||
| 100 | 1 |
_aAlvarez Mendoza, Alberto _94944 |
|
| 245 | 1 | 0 |
_aLevantamiento ecológico de malezas en el cultivo de trigo (Triticum aestivum L.) de el bajío guanajuatense en el ciclo agrícola otoño - invierno de 2005-2006 _c/por Alberto Alvarez Mendoza |
| 260 |
_aChapingo, Méx. : _bEl autor, _c2006. |
||
| 300 | _a64 h. | ||
| 502 | _aTesis (Ing. Agr. Esp. en Parasitología Agrícola) - - UACH. Departamento de Parasitología Agrícola | ||
| 590 |
_aALEPH _b10 _c20130110 _lUCH01 _h1514 |
||
| 590 |
_aBATCH-UPD _b10 _c20130110 _lUCH01 _h0751 |
||
| 590 |
_aCONVERSION _b10 _c20130109 _lUCH01 _h1351 |
||
| 650 | 1 | 4 |
_aTrigo _xGuanajuato. _9115035 |
| 650 | 1 | 4 |
_aTrigo _xMalas hierbas. _9115053 |
| 650 | 1 | 4 |
_aTrigo _xRendimiento. _9115092 |
| 901 | _aBK | ||
| 905 | _aLilia | ||
| 942 | _cFOLL | ||
| 949 |
_aTesis _bBC _cTES _d00000001043371 _eTS1 _h45759 _i104337 _sb |
||
| 949 |
_aTesis _bBC _cTES _d33724000995346 _eTS2 _fc.2 _h45760 _i104337 _si |
||
| 999 |
_c92785 _d92785 |
||